[Event "Titled Tue 17th Jun Early"]
[Site "chess.com INT"]
[Date "2025.06.17"]
[Round "11"]
[White "Howell, David W L"]
[Black "Starozhilov, Leonid"]
[Result "1-0"]
[WhiteTitle "GM"]
[BlackTitle "FM"]
[WhiteElo "2668"]
[BlackElo "2240"]
[WhiteFideId "410608"]
[BlackFideId "14106752"]
[EventDate "2025.06.17"]

1. g3 Nf6 2. Bg2 g6 3. c4 Bg7 4. d4 O-O 5. Nc3 d6 6. Nf3 c6 7. O-O Bf5 8. Ne1 d5
9. Qb3 Qd7 10. cxd5 cxd5 11. Nxd5 Nxd5 12. Qxd5 Qxd5 13. Bxd5 Nc6 14. e3 e5 15.
dxe5 Bxe5 16. Nf3 Bg7 17. e4 Bh3 18. Rd1 Bg4 19. Kg2 Ne5 20. Nxe5 Bxd1 21. Bf4
Ba4 22. h4 Rae8 23. Nc4 Bc6 24. Bd6 Rxe4 25. Bxc6 Rxc4 26. Bxf8 Bxf8 27. Bxb7
Rb4 28. Bd5 Rxb2 29. Rc1 Bd6 30. Rc6 Rb6 31. Rc8+ Kg7 32. Rd8 Bc5 33. Rd7 Rf6
34. f4 h5 35. Kf3 Bb6 36. a4 Rf5 37. Ke4 Rf6 38. Kf3 Rf5 39. Ke4 Rf6 40. Rb7 Kf8
41. Rb8+ Kg7 42. Re8 Bf2 43. Kf3 Bb6 44. Re7 Kf8 45. Rd7 Kg7 46. Rb7 Bd4 47. a5
Bc3 48. Rxa7 Be1 49. a6 Rf5 50. Ke4 Bxg3 51. Rd7 Rxf4+ 52. Ke3 Ra4 53. Rxf7+ Kh6
54. Bb7 Bxh4 55. Rf3 Bg5+ 56. Ke2 Bd8 57. Rd3 Bb6 58. Rd6 Ba7 59. Kf3 Kg5 60.
Be4 Ra3+ 61. Kg2 Kf4 62. Bxg6 h4 63. Rf6+ Kg5 64. Rc6 h3+ 65. Kf1 Ra1+ 66. Ke2
h2 67. Be4 Ra3 68. Bd5 Kf4 69. Rh6 Re3+ 70. Kd2 Ra3 71. Bb7 Kg3 72. Kc2 Ra2+ 73.
Kb3 Ra1 74. Kc4 h1=Q 75. Bxh1 Rxa6 76. Rxa6 1-0

[Event "Titled Tue 17th Jun Early"]
[Site "chess.com INT"]
[Date "2025.06.17"]
[Round "11"]
[White "Kurmangaliyeva, Liya"]
[Black "Buscar, Michael"]
[Result "1-0"]
[WhiteTitle "FM"]
[WhiteElo "2276"]
[BlackElo "2016"]
[WhiteFideId "13725831"]
[BlackFideId "2603616"]
[EventDate "2025.06.17"]

1. d4 d5 2. c4 e6 3. Nf3 c5 4. cxd5 exd5 5. g3 Nc6 6. Bg2 Nf6 7. O-O Be7 8. Nc3
O-O 9. Bf4 c4 10. Ne5 Qa5 11. h4 Be6 12. e3 Rfd8 13. Bf3 Rac8 14. a4 Nd7 15. Ng4
Nb4 16. h5 Nd3 17. Qc2 Bf5 18. Nxd5 Bf8 19. e4 Nxf4 20. Nxf4 Bxg4 21. Bxg4 c3
22. bxc3 Rxc3 23. Qe2 Nf6 24. Rfd1 Qb4 25. Rab1 Qxa4 26. e5 Nxg4 27. Qxg4 Rxd4
28. e6 fxe6 29. Qxe6+ Kh8 30. Rxd4 Qxd4 31. Qe8 Qf6 32. Rxb7 Rc1+ 33. Kg2 Qc6+
34. Qxc6 Rxc6 35. Rxa7 Rc8 36. Rd7 Kg8 37. Kh3 Re8 38. f3 Be7 39. Kg4 Bf6 40.
Nd5 Be5 41. f4 Bb2 42. Ne7+ Kf8 43. Nf5 Bf6 44. Nd6 Rd8 45. Rxd8+ Bxd8 46. Kf5
h6 47. Kg6 Ba5 48. Nf5 Bc3 49. Nd6 Bd2 50. Ne4 Bc1 51. Nc5 Kg8 52. Ne6 Bb2 53.
g4 Bc3 54. Nc5 Bd2 55. Kf5 Bc1 56. Ne4 Bb2 57. Nd6 Ba1 58. Kg6 Bb2 59. Ne8 Bc3
60. f5 Bd4 61. f6 gxf6 62. Nxf6+ Bxf6 63. Kxf6 Kh7 64. Kf7 Kh8 65. Kg6 Kg8 66.
Kxh6 Kh8 67. Kg6 Kg8 68. Kf6 Kh8 69. g5 Kh7 70. g6+ Kg8 71. g7 Kh7 72. Kf7 Kh6
73. g8=Q Kxh5 74. Qg3 Kh6 75. Qg6# 1-0

[Event "Titled Tue 17th Jun Early"]
[Site "chess.com INT"]
[Date "2025.06.17"]
[Round "11"]
[White "Tristan, Leonardo"]
[Black "Samunenkov, Ihor"]
[Result "1-0"]
[WhiteTitle "GM"]
[BlackTitle "GM"]
[WhiteElo "2536"]
[BlackElo "2562"]
[WhiteFideId "113816"]
[BlackFideId "14187086"]
[EventDate "2025.06.17"]

1. d4 Nf6 2. Nf3 d5 3. Bf4 c5 4. e3 Nc6 5. c3 Qb6 6. Qc2 Nh5 7. Be5 f6 8. dxc5
Qxc5 9. Bd4 Qd6 10. b4 Qc7 11. c4 e5 12. cxd5 exd4 13. Nbd2 dxe3 14. fxe3 Bxb4
15. Bb5 Qb6 16. Qc4 Qxe3+ 17. Kd1 Qc3 18. dxc6 bxc6 19. Bxc6+ Kf8 20. Bxa8 Qxa1+
21. Kc2 Bf5+ 22. Be4 Bxe4+ 23. Nxe4 Qxh1 24. Qxb4+ Kf7 25. Qb7+ Ke6 26. Qc6+ Kf7
27. Qd7+ Kg6 28. Nh4+ Kh6 29. Qg4 g6 30. Nxf6 Nxf6 31. Qf4+ Kg7 32. Qc7+ Kf8 33.
Qd6+ Kf7 34. Qc7+ Ke6 35. Qc6+ Ke7 36. Qc5+ Kd7 37. Qd4+ Ke6 38. Qe3+ Kf7 39.
Qxa7+ Kf8 40. Qb8+ Ne8 41. Qf4+ Kg7 42. Qd4+ Nf6 43. Qa7+ Kh6 44. Qe3+ Kh5 45.
Qh3 Kg5 46. Qg3+ Kh6 47. Qf4+ Kg7 48. Qc7+ Kf8 49. Qb8+ Ne8 50. Qf4+ Ke7 51.
Qe5+ Kf7 52. Qxh8 Nf6 53. Qb8 Qa1 54. Qc7+ Kf8 55. Qb8+ Kg7 56. Qa7+ Kh6 57. Nf3
Qf1 58. Qe3+ Kg7 59. Qe7+ Kh6 60. Qxf6 Qxg2+ 61. Kd3 Qxa2 62. Qf4+ Kg7 63. Qe5+
Kh6 64. Qf4+ Kg7 65. Ke3 Qb3+ 66. Kf2 Qc2+ 67. Kg3 Qd1 68. Qe5+ Kh6 69. Qg5+ Kg7
70. Qe7+ Kh6 71. Qe3+ Kg7 72. Kg2 Qc2+ 73. Qf2 Qb1 74. Qd4+ Kh6 75. Qd2+ Kg7 76.
Qe2 Qb7 77. Qe5+ Kh6 78. Kg3 Qb3 79. h4 Qd3 80. Qe7 Qc3 81. Qf8+ Kh5 82. Qf4 h6
83. Qg4# 1-0

[Event "Titled Tue 17th Jun Early"]
[Site "chess.com INT"]
[Date "2025.06.17"]
[Round "11"]
[White "Shokirjonova, Barchinoy"]
[Black "Novikova, Marharyta"]
[Result "1-0"]
[WhiteTitle "WFM"]
[BlackTitle "WCM"]
[WhiteElo "2010"]
[BlackElo "1974"]
[WhiteFideId "14212307"]
[BlackFideId "14109689"]
[EventDate "2025.06.17"]

1. d4 e5 2. dxe5 Nc6 3. Nf3 Qe7 4. g3 Nxe5 5. Bg2 Nxf3+ 6. Bxf3 Nf6 7. Nc3 d6 8.
O-O Qd8 9. Bg5 Be7 10. Qd2 O-O 11. Rad1 Nd7 12. Be3 Ne5 13. Bg2 Bf6 14. b3 Ng4
15. Bd4 Bxd4 16. Qxd4 Qf6 17. Nd5 Qd8 18. Qc3 c6 19. Nf4 Qe7 20. Nh5 Qe5 21.
Qxe5 dxe5 22. Bf3 Bf5 23. e4 Be6 24. Rd6 Nf6 25. Nxf6+ gxf6 26. Rfd1 Rfe8 27. c4
Kf8 28. c5 Ke7 29. Kf1 a5 30. Ke2 a4 31. bxa4 Rxa4 32. Rb1 Rxa2+ 33. Ke3 Ra3+
34. Rd3 Ra7 35. Bd1 Bc4 36. Rc3 Bb5 37. Be2 Bxe2 38. Kxe2 Rd8 39. Rcb3 Rd7 40.
Ke3 Ke6 41. f3 Ke7 42. g4 Kd8 43. h4 Kc7 44. h5 Kc8 45. R1b2 Ra5 46. Rc3 Rd1 47.
Ke2 Rh1 48. Ke3 Raa1 49. Rd2 Rae1+ 50. Kf2 Ref1+ 51. Ke3 Re1+ 52. Kf2 Rd1 53.
Rxd1 Rxd1 54. Ke2 Rb1 55. Rd3 Kc7 56. Rd6 Rb2+ 57. Ke3 Rb3+ 58. Ke2 Rc3 59. Rxf6
Rxc5 60. Rxf7+ Kc8 61. Rxh7 b5 62. Rf7 b4 63. h6 Rc2+ 64. Kd3 Rh2 65. h7 b3 66.
Rf8+ Kc7 67. h8=Q b2 68. Qxh2 b1=Q+ 69. Ke3 Qe1+ 70. Qe2 Qc1+ 71. Qd2 Qg1+ 72.
Ke2 Qg2+ 73. Kd1 Qf1+ 74. Kc2 Qc4+ 75. Qc3 Qa2+ 76. Kd3 Qb1+ 77. Qc2 Qb5+ 78.
Ke3 Qb6+ 79. Ke2 Qb5+ 80. Kf2 1-0

[Event "Titled Tue 17th Jun Early"]
[Site "chess.com INT"]
[Date "2025.06.17"]
[Round "11"]
[White "Bluebaum, Matthias"]
[Black "Kourkoulos-Arditis, Stamatis"]
[Result "0-1"]
[WhiteTitle "GM"]
[BlackTitle "GM"]
[WhiteElo "2663"]
[BlackElo "2580"]
[WhiteFideId "24651516"]
[BlackFideId "4221990"]
[EventDate "2025.06.17"]

1. d4 c5 2. d5 g6 3. c4 Bg7 4. e4 d6 5. Nc3 Nf6 6. h3 O-O 7. Nf3 e6 8. Bd3 Na6
9. O-O Nc7 10. a4 e5 11. Ne1 Nh5 12. Be2 Nf4 13. Nd3 Nxe2+ 14. Qxe2 f5 15. f4
exf4 16. Bxf4 g5 17. Bd2 f4 18. Nxf4 gxf4 19. Bxf4 Qe7 20. Qd3 Bd7 21. Qg3 Rf6
22. Bg5 Rxf1+ 23. Rxf1 Be5 24. Bf4+ Qg7 25. Bxe5 dxe5 26. Qe3 b6 27. Rf3 Kh8 28.
Rg3 Qf6 29. Rf3 Qd6 30. Qg5 Rg8 31. Qh4 Ne8 32. Ne2 Qg6 33. Ng3 Qg5 34. Qxg5
Rxg5 35. b3 Kg8 36. Nf1 Nd6 37. Nd2 Kg7 38. Re3 Rg6 39. Kf2 Rf6+ 40. Ke2 Be8 41.
Nf3 Bg6 42. Nxe5 Bxe4 43. Rg3+ Bg6 44. Ng4 Rf8 45. Kd1 Nf5 46. Rc3 Nd4 47. Ne5
Rf1+ 48. Kd2 Rf2+ 49. Kd1 Rxg2 50. d6 Bh5+ 51. Ng4 Bxg4+ 52. hxg4 Rxg4 53. Re3
Kf6 54. Re8 Nc6 55. Kc2 Rd4 56. Rf8+ Ke6 57. Rh8 Nb4+ 58. Kb2 Kxd6 59. Rxh7 a5
60. Rh6+ Kc7 61. Rh7+ Kc6 62. Rh6+ Kb7 63. Rh7+ Ka6 64. Ka3 Rg4 65. Rf7 Nc2+ 66.
Kb2 Rg2 67. Kc3 Nd4 68. Kd3 Rg3+ 69. Ke4 Rxb3 70. Kd5 Nc2 71. Kc6 Nb4+ 72. Kc7
Rh3 73. Rf6 Rh7+ 74. Kb8 Nd3 75. Kc8 Nb2 76. Rg6 Nxa4 77. Rg2 Nc3 78. Rg1 Ne4
79. Kb8 Nd6 80. Rg4 Nxc4 81. Rxc4 Kb5 82. Rc1 a4 83. Rb1+ Ka5 84. Rg1 b5 85. Rg7
Rxg7 0-1

[Event "Titled Tue 17th Jun Early"]
[Site "chess.com INT"]
[Date "2025.06.17"]
[Round "11"]
[White "Omariev, Maksim"]
[Black "Salimova, Asal"]
[Result "1-0"]
[WhiteTitle "FM"]
[BlackTitle "WCM"]
[WhiteElo "2304"]
[BlackElo "2063"]
[WhiteFideId "4193423"]
[BlackFideId "14204940"]
[EventDate "2025.06.17"]

1. a3 Nf6 2. b3 e6 3. c3 d5 4. d3 c5 5. e3 Nc6 6. f3 b6 7. g3 Bb7 8. h3 a5 9.
Bg2 a4 10. b4 c4 11. d4 b5 12. f4 Ne4 13. Ne2 f5 14. Nd2 Bd6 15. Nf3 O-O 16. Bd2
Bc8 17. Ne5 Nxe5 18. dxe5 Bc7 19. Bxe4 dxe4 20. Nd4 Bd7 21. Qe2 Bb6 22. O-O-O
Bxd4 23. exd4 Bc6 24. Be3 Bd5 25. g4 Qh4 26. Rdg1 Qe7 27. Rg3 g6 28. h4 Kf7 29.
h5 Ke8 30. gxf5 gxf5 31. h6 Kd7 32. Rg7 Rf7 33. Rhg1 Raf8 34. Qh5 Kc6 35. Kd2
Kb6 36. Bf2 Bc6 37. Bh4 e3+ 38. Kxe3 Qd7 39. Bf6 Qd5 40. Kf2 Qe4 41. Bg5 Qc2+
42. Kg3 Qd3+ 43. Kh4 Bf3 44. Rxf7 Bxh5 45. Rxf8 Bg6 46. Bd8+ Kc6 47. Rxg6 hxg6
48. h7 Qf3 49. Kg5 Qh5+ 50. Kf6 Qxh7 51. Kxe6 Qg7 52. Be7 g5 53. d5+ Kb7 54.
fxg5 f4 55. Rxf4 Qg6+ 56. Rf6 Qd3 57. d6 Qxc3 58. d7 Qh3+ 59. Rf5 c3 60. d8=Q c2
61. Qd7+ Kb6 62. Qd6+ Kb7 63. Qd5+ Kb6 64. Qc5+ Kb7 65. Qxb5+ Kc7 66. Qc5+ Kb7
67. Qxc2 Qh7 68. Qxa4 Qg8+ 69. Kd6 Qc4 70. Qd7+ Ka6 71. Qc6+ Qxc6+ 72. Kxc6 Ka7
73. Bc5+ Ka6 74. b5+ Ka5 75. Bb6+ Ka4 76. Rf4+ Kxa3 77. g6 Kb3 78. g7 Kc3 79. e6
Kd3 80. e7 Kc2 81. Bc7 Kb2 82. b6 Kb3 83. b7 Ka3 84. e8=Q Ka2 85. g8=Q+ Ka1 86.
Qg2 Kb1 87. b8=Q+ Ka1 88. Qbb2# 1-0

[Event "Titled Tue 17th Jun Early"]
[Site "chess.com INT"]
[Date "2025.06.17"]
[Round "11"]
[White "Jovic, Stanoje"]
[Black "Cernov, Henrik"]
[Result "1-0"]
[WhiteTitle "FM"]
[BlackTitle "FM"]
[WhiteElo "2096"]
[BlackElo "2325"]
[WhiteFideId "905020"]
[BlackFideId "16258312"]
[EventDate "2025.06.17"]

1. c4 e5 2. g3 Nf6 3. Bg2 c6 4. d4 exd4 5. Qxd4 Na6 6. Nf3 Bc5 7. Qe5+ Be7 8.
O-O O-O 9. Rd1 Re8 10. Nc3 Nc5 11. Qd4 a5 12. b3 Bf8 13. Bb2 a4 14. bxa4 Nxa4
15. Nxa4 Rxa4 16. Qd3 b5 17. cxb5 cxb5 18. Ng5 g6 19. a3 b4 20. Nxf7 Qe7 21. Qb3
Qxf7 22. Qxa4 Rxe2 23. Rab1 Ne4 24. Bd4 Bc5 25. Qb5 Bxd4 26. Qxe2 Nc3 27. Qf3
Nxd1 28. Qxf7+ Kxf7 29. Rxd1 Bc3 30. axb4 Bxb4 31. Rb1 Be7 32. Bb7 Bxb7 33. Rxb7
Ke6 34. Kg2 h5 35. f4 Bf6 36. Kf3 d5 37. Rb6+ Kf7 38. h3 Be7 39. g4 hxg4+ 40.
hxg4 Bf8 41. f5 gxf5 42. gxf5 Bg7 43. Kf4 Bf6 44. Rb7+ Kf8 45. Rd7 d4 46. Ke4
Ke8 47. Rh7 Kf8 48. Kd5 Kg8 49. Rh6 Kg7 50. Rh3 Kf7 51. Kd6 Bg7 52. Rg3 Kf6 53.
Rg6+ Kf7 54. Kd7 Bf6 55. Rg3 Bg7 56. Kc6 Be5 57. Rg6 Bg7 58. Kd5 Bf6 59. Rg3 Bg7
60. Ke4 Bf6 61. Rb3 Bg7 62. Rb7+ Kf6 63. Kxd4 Bh6 64. Ke4 Bc1 65. Rb6+ Kf7 66.
Kd5 Be3 67. Re6 Bc1 68. Ke4 Bb2 69. Rc6 Ba1 70. Kf4 Bd4 71. Rc4 Bb2 72. Kg5 Ba3
73. Rc7+ Kf8 74. Kg6 Bb2 75. f6 Ke8 76. f7+ Kf8 77. Rc8+ Ke7 78. f8=Q+ Kd7 79.
Qe8+ Kd6 80. Rc6+ Kd5 81. Qe6+ Kd4 82. Rc4+ Kd3 83. Qe4+ Kd2 84. Rc2+ 1-0

[Event "Titled Tue 17th Jun Early"]
[Site "chess.com INT"]
[Date "2025.06.17"]
[Round "11"]
[White "Weetik, Vjacheslav"]
[Black "Bharath, Subramaniyam H"]
[Result "1-0"]
[WhiteTitle "FM"]
[BlackTitle "GM"]
[WhiteElo "2423"]
[BlackElo "2558"]
[WhiteFideId "4153472"]
[BlackFideId "46634827"]
[EventDate "2025.06.17"]

1. d4 Nf6 2. c4 c5 3. Nf3 e6 4. e3 g6 5. Nc3 Bg7 6. dxc5 O-O 7. a3 a5 8. Rb1 Na6
9. b4 axb4 10. axb4 Ne8 11. Nb5 Nac7 12. Nd6 Ra2 13. Qb3 Ra6 14. b5 Ra8 15. Bb2
Bxb2 16. Qxb2 Qe7 17. Rd1 f6 18. Be2 e5 19. O-O Ne6 20. Qb4 Nxd6 21. Rxd6 Ra2
22. Bd1 Ng7 23. Bb3 Ra8 24. Bc2 Ne8 25. Rb6 Qd8 26. Be4 Ra7 27. Rd1 d6 28. h3
Kg7 29. Rbxd6 Nxd6 30. cxd6 b6 31. Bc6 Be6 32. c5 Rff7 33. Nd2 bxc5 34. Qxc5 Ra5
35. Ne4 Bd7 36. Qc4 Qb6 37. Rd5 Be6 38. Qc5 Qb8 39. Rd2 Rfa7 40. g4 Qd8 41. Kg2
Ra1 42. g5 Rb1 43. Nxf6 Raa1 44. Qxe5 Rg1+ 45. Kh2 Kf7 46. Bg2 Rgd1 47. Rxd1
Rxd1 48. Nxh7 Qxd6 49. Qxd6 Rxd6 50. Nf6 Bc4 51. Bc6 Ke6 52. Kg3 Rd2 53. Ne4 Rb2
54. Nc3 Rb3 55. Ne4 Ke5 56. Nc5 Rb2 57. f4+ Kd6 58. Ne4+ Ke7 59. Nc3 Rb3 60. Nd1
Be2 61. Nf2 Rxe3+ 62. Kh4 Rb3 63. Ng4 Rb4 64. Kg3 Rb3+ 65. Kh4 Kf8 66. Ne5 Kg7
67. Be4 Rxb5 68. Nxg6 Rb4 69. Bf5 Rb5 70. Ne5 Rb4 71. Kg3 Bb5 72. Bg4 Rb3+ 73.
Bf3 Be2 74. f5 Bxf3 75. Nxf3 Rd3 76. Kf4 Kf8 77. h4 Rd1 78. h5 Rh1 79. g6 Rxh5
80. Ke5 Kg7 81. Kf4 Kf6 82. Kg4 1-0

[Event "Titled Tue 17th Jun Early"]
[Site "chess.com INT"]
[Date "2025.06.17"]
[Round "11"]
[White "Drygalov, Andrey"]
[Black "Zakirov, Musa"]
[Result "1-0"]
[WhiteTitle "GM"]
[BlackTitle "FM"]
[WhiteElo "2431"]
[BlackElo "2209"]
[WhiteFideId "24171735"]
[BlackFideId "44189222"]
[EventDate "2025.06.17"]

1. e4 c5 2. Nf3 d6 3. d4 cxd4 4. Nxd4 Nf6 5. Nc3 a6 6. Be3 e5 7. Nb3 Be7 8. f3
Be6 9. Qd2 O-O 10. O-O-O Nbd7 11. g4 b5 12. g5 Nh5 13. Nd5 Bxd5 14. exd5 f6 15.
gxf6 Bxf6 16. Na5 Qe8 17. Kb1 Bd8 18. Bxb5 axb5 19. Nc6 Bb6 20. Bxb6 Nxb6 21.
Qg5 h6 22. Qg4 Nf6 23. Qb4 Qd7 24. Qxb5 Na4 25. Qc4 Rfc8 26. Rhe1 Kh8 27. f4 Nb6
28. Qb3 Nbxd5 29. fxe5 Qxc6 30. exf6 Nxf6 31. Re7 Rab8 32. Qd3 Re8 33. Rf7 Qb5
34. Qd4 Re4 35. Qc3 Rc4 36. Qa3 Qf5 37. Qd3 Qe5 38. b3 Rcc8 39. Qg6 Qg5 40. Rxg7
Qxg6 41. Rxg6 Ne4 42. Kb2 Kh7 43. Rg4 Re8 44. Rf4 Rb7 45. a4 Rbe7 46. a5 Ng5 47.
Rxd6 Ne4 48. Rc6 Re6 49. Rc7+ Kg6 50. Rc4 Nd6 51. Rc5 Ne4 52. Rd5 h5 53. h4 Nf6
54. Rg5+ Kf7 55. Rxh5 Ra6 56. Rhf5 Kg6 57. Rb5 Ree6 58. Rff5 Ne4 59. Rfe5 Rxe5
60. Rxe5 Nd6 61. Rd5 Kf6 62. b4 Ke6 63. Rg5 Kf6 64. Kb3 Ne4 65. Rd5 Ke6 66. c4
Rc6 67. h5 Rc8 68. h6 Rh8 69. Rh5 Nf6 70. Rh4 Kf5 71. a6 Kg5 72. Rh1 Rh7 73. b5
Ne4 74. Kb4 Kf5 75. b6 Ke5 76. a7 Nd6 77. a8=Q 1-0

[Event "Titled Tue 17th Jun Early"]
[Site "chess.com INT"]
[Date "2025.06.17"]
[Round "11"]
[White "Srihari, L"]
[Black "Asish Panda"]
[Result "1-0"]
[WhiteTitle "IM"]
[WhiteElo "2353"]
[BlackElo "1911"]
[WhiteFideId "46642056"]
[BlackFideId "45012458"]
[EventDate "2025.06.17"]

1. c4 e6 2. Nc3 d5 3. e3 Nf6 4. Nf3 Be7 5. b3 O-O 6. Bb2 b6 7. Qc2 Bb7 8. Be2 c5
9. g4 d4 10. Nd1 d3 11. Bxd3 Bxf3 12. Rg1 Nc6 13. a3 Nxg4 14. Bxh7+ Kh8 15. Be4
Nge5 16. Bxc6 Bf6 17. Bxe5 Bxc6 18. Rg3 g6 19. Qc3 Kg7 20. f4 Rh8 21. Nf2 Bxe5
22. Qxe5+ Qf6 23. Qxf6+ Kxf6 24. h3 a6 25. Ke2 b5 26. Ng4+ Kg7 27. Ne5 Be8 28.
Rag1 a5 29. cxb5 Bxb5+ 30. Kf2 Rad8 31. Ke1 Be8 32. Kd1 a4 33. bxa4 Bxa4+ 34.
Ke2 Bb5+ 35. d3 Ra8 36. Rc1 Rxa3 37. Rxc5 Ra2+ 38. Kf3 Be8 39. Rc7 Kf8 40. e4
Rh2 41. Ng4 R2xh3 42. Nf6 Rxg3+ 43. Kxg3 Kg7 44. e5 Bb5 45. d4 Rd8 46. Ne4 Rxd4
47. Nd6 Rd3+ 48. Kf2 Ba4 49. Rxf7+ Kg8 50. Ra7 Bd1 51. Ne4 Rf3+ 52. Kg2 Rxf4 53.
Nf6+ Kf8 54. Rh7 Bc2 55. Kg3 Rf5 56. Kg4 Rxe5 57. Nd7+ Kg8 58. Re7 Rf5 59. Re8+
Kg7 60. Rc8 Rf7 61. Ne5 Bf5+ 62. Kg5 Ra7 63. Rd8 Re7 64. Nc6 Rc7 65. Nd4 Rc5 66.
Rd7+ Kf8 67. Kf6 Ke8 68. Rg7 Rd5 69. Nf3 e5 70. Nxe5 Rd6+ 71. Kg5 Re6 72. Nf3
Kf8 73. Rc7 Re7 74. Rc5 Kg7 75. Ne5 Ra7 76. Nf3 Rf7 77. Nh4 Bd7 78. Rd5 Bf5 79.
Rd6 Re7 80. Rb6 Rc7 81. Nf3 Bd3 82. Ne5 Bf5 83. Rb4 Rc5 84. Rb7+ Kf8 85. Kf6 Ke8
86. Rh7 Rd5 87. Rh8# 1-0

[Event "Titled Tue 17th Jun Early"]
[Site "chess.com INT"]
[Date "2025.06.17"]
[Round "11"]
[White "Arabidze, Meri"]
[Black "Karas, Marek"]
[Result "1/2-1/2"]
[WhiteTitle "IM"]
[BlackTitle "FM"]
[WhiteElo "2440"]
[BlackElo "2215"]
[WhiteFideId "13604040"]
[BlackFideId "14928558"]
[EventDate "2025.06.17"]

1. d4 d5 2. c4 c6 3. Nf3 Nf6 4. g3 Bf5 5. Nc3 e6 6. Nh4 Bg4 7. h3 Bh5 8. g4 Bg6
9. Qb3 Qb6 10. c5 Qxb3 11. axb3 Nbd7 12. b4 e5 13. dxe5 Nxe5 14. Nxg6 hxg6 15.
Bg2 a6 16. Bf4 Ned7 17. O-O Be7 18. Rad1 a5 19. bxa5 Nxc5 20. Bc7 Ne6 21. Bb6
O-O 22. e4 dxe4 23. Nxe4 Nxe4 24. Bxe4 Bb4 25. Rd7 Bxa5 26. Rxb7 Bxb6 27. Rxb6
Rab8 28. Rxb8 Rxb8 29. Bxc6 Rxb2 30. Rd1 Nf4 31. Bg2 g5 32. Bf1 g6 33. Rd8+ Kg7
34. Rd1 Rb3 35. Kh2 Rf3 36. Rd2 Ra3 37. Rb2 Ra1 38. Bg2 Rc1 39. Rd2 Rc5 40. Rb2
Ra5 41. Rd2 f5 42. Rb2 Ra6 43. Rb7+ Kf6 44. Rb2 Ne6 45. Rc2 Nd4 46. Rd2 Rd6 47.
Ra2 Ne6 48. gxf5 gxf5 49. Rb2 Nf4 50. Ra2 Kg6 51. Rc2 Kh5 52. Rb2 Rf6 53. Rc2
Ng6 54. Rb2 Nh4 55. Rc2 Rd6 56. Rb2 Ng6 57. Bf3+ Kh6 58. Bg2 Nf4 59. Rc2 Kg6 60.
Rc6 Rxc6 61. Bxc6 Kf6 62. Bd7 Ng6 63. Bc8 Nh4 64. Kg3 f4+ 65. Kg4 Ng6 66. Kf3
Ne5+ 67. Ke4 Nc4 68. Bg4 Nd6+ 69. Kf3 Ke5 70. Bh5 Ne4 71. Bg4 Nf6 72. Bc8 Nd5
73. Kg4 Kf6 74. h4 gxh4 75. Kxh4 Ke5 76. Kg4 Nc3 77. Bb7 Nd1 78. Kf3 Nc3 79. Bc8
Nb5 80. Bb7 Nd4+ 81. Kg4 Nb5 82. Kf3 Nd6 83. Bc6 Nf5 84. Bd7 Nd4+ 85. Kg2 Ke4
86. Bc8 Kd3 87. Ba6+ Kd2 88. Bc4 Ke1 89. Ba6 Kd2 90. Bc4 Kc3 91. Ba6 Kb4 92. Kh3
Kc5 93. Kg4 Ne6 94. Bc8 Nd4 95. Kxf4 Kd5 96. Kg5 Kd6 97. f4 Ke7 98. Bg4 Kf8 99.
Bf5 Nc6 100. Kf6 Nd4 101. Be6 Ne2 102. f5 Nd4 103. Ke5 Nxf5 1/2-1/2

[Event "Titled Tue 17th Jun Early"]
[Site "chess.com INT"]
[Date "2025.06.17"]
[Round "11"]
[White "Salinas Herrera, Pablo"]
[Black "Dogan, Umut Anil"]
[Result "1-0"]
[WhiteTitle "GM"]
[BlackTitle "CM"]
[WhiteElo "2447"]
[BlackElo "2060"]
[WhiteFideId "3407128"]
[BlackFideId "51618060"]
[EventDate "2025.06.17"]

1. d4 Nf6 2. Nf3 e6 3. Bf4 b6 4. e3 Bb7 5. Nbd2 Be7 6. Bd3 d5 7. O-O O-O 8. Ne5
Nbd7 9. Qf3 c5 10. c3 Rc8 11. Rfe1 c4 12. Bxc4 Nxe5 13. Bxe5 Ne4 14. Nxe4 Rxc4
15. Nd2 Rc8 16. h3 Qd7 17. a4 f6 18. Bg3 a5 19. Qe2 Rfe8 20. Rec1 Bf8 21. b3 Rc6
22. c4 Rec8 23. Qd1 Ba6 24. cxd5 exd5 25. Rxc6 Qxc6 26. Nf1 Qc2 27. Qg4 Rc6 28.
Qd7 Bc8 29. Qxd5+ Be6 30. Qf3 Bxb3 31. e4 Qc3 32. Qxc3 Rxc3 33. Ne3 Kf7 34. d5
Bc5 35. Bf4 g5 36. Bb8 Bxe3 37. fxe3 Rxe3 38. Rb1 Bxa4 39. Rxb6 Rxe4 40. Ra6 Bb3
41. Rxa5 Rd4 42. d6 h5 43. Ra7+ Kg6 44. Re7 Ba4 45. Bc7 Bb5 46. Re3 Bc6 47. Rc3
Bd7 48. Rc2 Bf5 49. Re2 Bd7 50. Rf2 h4 51. Kh2 Bc6 52. Rc2 Bd7 53. Rb2 Bc6 54.
Rb6 Bd7 55. Bd8 Rd2 56. Kg1 Bf5 57. d7 Bxd7 58. Bxf6 Kf5 59. Be7 Be6 60. Rb5+
Bd5 61. Kf1 Ke6 62. Bxg5 Rxg2 63. Bxh4 Rh2 64. Rb6+ Kf5 65. Rb5 Ke4 66. Rb4+ Kf5
67. Bg3 Rxh3 68. Kf2 Rh1 69. Rf4+ Ke6 70. Ra4 Rh5 71. Ra6+ Kf5 72. Ra5 Ke6 73.
Bf4 Rf5 74. Ke3 Kf6 75. Ra6+ Be6 76. Rb6 Rd5 77. Bg3 Ra5 78. Bh4+ Kf5 79. Bf2
Ra3+ 80. Kd4 Ra4+ 81. Kc5 Ra5+ 82. Kd6 Rd5+ 83. Ke7 Rd7+ 84. Ke8 Ra7 85. Bc5 Rc7
86. Bd6 Rc4 87. Rb5+ Kf6 88. Be7+ Kg6 89. Rg5+ Kh7 90. Rg3 Rg4 91. Re3 Bf5 92.
Bf6 Rg8+ 93. Kf7 Bg6+ 94. Ke6 Re8+ 95. Be7 Kg7 96. Rg3 1-0